<?xml version="1.0" encoding="UTF-8"?><?xml-stylesheet type="text/xsl" href="static/style.xsl"?><OAI-PMH xmlns="http://www.openarchives.org/OAI/2.0/" xmlns:xsi="http://www.w3.org/2001/XMLSchema-instance" xsi:schemaLocation="http://www.openarchives.org/OAI/2.0/ http://www.openarchives.org/OAI/2.0/OAI-PMH.xsd"><responseDate>2026-04-13T01:04:38Z</responseDate><request verb="GetRecord" identifier="oai:www.recercat.cat:2445/176009" metadataPrefix="marc">https://recercat.cat/oai/request</request><GetRecord><record><header><identifier>oai:recercat.cat:2445/176009</identifier><datestamp>2025-12-04T21:30:38Z</datestamp><setSpec>com_2072_1057</setSpec><setSpec>col_2072_478812</setSpec><setSpec>col_2072_478917</setSpec></header><metadata><record xmlns="http://www.loc.gov/MARC21/slim" xmlns:dcterms="http://purl.org/dc/terms/" xmlns:xsi="http://www.w3.org/2001/XMLSchema-instance" xmlns:doc="http://www.lyncode.com/xoai" xsi:schemaLocation="http://www.loc.gov/MARC21/slim http://www.loc.gov/standards/marcxml/schema/MARC21slim.xsd">
   <leader>00925njm 22002777a 4500</leader>
   <datafield ind2=" " ind1=" " tag="042">
      <subfield code="a">dc</subfield>
   </datafield>
   <datafield ind2=" " ind1=" " tag="720">
      <subfield code="a">Vilà i Arbonès, Anna Maria</subfield>
      <subfield code="e">author</subfield>
   </datafield>
   <datafield ind2=" " ind1=" " tag="720">
      <subfield code="a">Arbat Casas, Anna</subfield>
      <subfield code="e">author</subfield>
   </datafield>
   <datafield ind2=" " ind1=" " tag="720">
      <subfield code="a">Vilella Figueras, Eva</subfield>
      <subfield code="e">author</subfield>
   </datafield>
   <datafield ind2=" " ind1=" " tag="720">
      <subfield code="a">Diéguez Barrientos, Àngel</subfield>
      <subfield code="e">author</subfield>
   </datafield>
   <datafield ind2=" " ind1=" " tag="260">
      <subfield code="c">2021-04-09T08:24:28Z</subfield>
   </datafield>
   <datafield ind2=" " ind1=" " tag="260">
      <subfield code="c">2021-04-09T08:24:28Z</subfield>
   </datafield>
   <datafield ind2=" " ind1=" " tag="260">
      <subfield code="c">2012-03-23</subfield>
   </datafield>
   <datafield ind2=" " ind1=" " tag="520">
      <subfield code="a">Photodiodes are the simplest but most versatile semiconductor optoelectronic devices. They&#xd;
can be used for direct detection of light, of soft X and gamma rays, and of particles such as&#xd;
electrons or neutrons. For many years, the sensors of choice for most research and industrial&#xd;
applications needing photon counting or timing have been vacuum-based devices such as&#xd;
Photo-Multiplier Tubes, PMT, and Micro-Channel Plates, MCP (Renker, 2004). Although&#xd;
these photodetectors provide good sensitivity, noise and timing characteristics, they still&#xd;
suffer from limitations owing to their large power consumption, high operation voltages&#xd;
and sensitivity to magnetic fields, as well as they are still bulky, fragile and expensive. New&#xd;
approaches to high-sensitivity imagers tend to use CCD cameras coupled with either MCP&#xd;
Image Intensifiers, I-CCDs, or Electron Multipliers, EM-CCDs (Dussault &amp; Hoess, 2004), but&#xd;
they still have limited performances in extreme time-resolved measurements.&#xd;
A fully solid-state solution can improve design flexibility, cost, miniaturization, integration&#xd;
density, reliability and signal processing capabilities in photodetectors. In particular, Single-&#xd;
Photon Avalanche Diodes, SPADs, fabricated by conventional planar technology on silicon&#xd;
can be used as particle (Stapels et al., 2007) and photon (Ghioni et al., 2007) detectors with&#xd;
high intrinsic gain and speed. These SPAD are silicon Avalanche PhotoDiodes biased above&#xd;
breakdown. This operation regime, known as Geiger mode, gives excellent single-photon&#xd;
sensitivity thanks to the avalanche caused by impact ionization of the photogenerated&#xd;
carriers (Cova et al., 1996). The number of carriers generated as a result of the absorption of&#xd;
a single photon determines the optical gain of the device, which in the case of SPADs may&#xd;
be virtually infinite.&#xd;
The basic concepts concerning the behaviour of G-APDs and the physical processes taking&#xd;
place during their operation will be reviewed next, as well as the main performance&#xd;
parameters and noise sources.</subfield>
   </datafield>
   <datafield tag="653" ind2=" " ind1=" ">
      <subfield code="a">Metall-òxid-semiconductors complementaris</subfield>
   </datafield>
   <datafield tag="653" ind2=" " ind1=" ">
      <subfield code="a">Detectors òptics</subfield>
   </datafield>
   <datafield tag="653" ind2=" " ind1=" ">
      <subfield code="a">Complementary metal oxide semiconductors</subfield>
   </datafield>
   <datafield tag="653" ind2=" " ind1=" ">
      <subfield code="a">Optical detectors</subfield>
   </datafield>
   <datafield ind2="0" ind1="0" tag="245">
      <subfield code="a">Geiger-Mode Avalanche Photodiodes in Standard CMOS Technologies</subfield>
   </datafield>
</record></metadata></record></GetRecord></OAI-PMH>